00811pam a2200217 a 4500001000500000005001700005020001400022040002300036050002100059082001000080100002800090245011300118250004500231260003800276300006000314505000800374520014700382521002400529521002000553650002000573439720240820082417.0 a059960717 aDLCcDLCdDLCbeng00aPZ8.1.D564b199900a398.21 aDiakité, Baba Wagué14aThe hatseller and the monkeys :ba West African folktale /cretold and illustrated by Baba Wagué Diakité aFirst Scholastic printing , January 2000 aNew York :bScholastic ;c1999 .  a28 unnumbered pages : bcolor illustrations ;c24 cm .  aZ  aAn African version of the familiar story of a man who sets off to sell his hats, only to have them stolen by a treeful of mischievous monkeys. a910 bLexile AD  aZ bRaz-Plus  1aFolklorezMali.